000 00763nam a2200229 i 4500
001 43266
003 ES-MaACL
005 20251114135313.0
007 t|
008 030317s1954 sp |||| | cat d
080 _a821.134.1-17(082.2)
245 0 4 _aLes cents millors poesies humorístiques de la llengua catalana /
_ctria de Tomàs Garcés i Marçal Olivar.
260 _aBarcelona :
_bBarcino,
_c1954 (
_fAriel)
300 _a211 p. ;
_c16 cm.
490 1 _aCol·lecció popular Barcino ;
_v160
650 4 _aPoesías catalanas.
_916205
700 1 _aGarcés, Tomàs,
_d1901-1993
_9162880
700 1 _aOlivar, Marçal.
_986758
830 0 _aCol·lecció popular Barcino
_v160
_9229864
852 _aES-MaACL
_jC-8561
999 _c43266
_d43266